000 00835nam a2200205 a 4500
008 120416s1997 ||||||||||||||||| || u
020 _a0136501699
050 _aHB 171.5 Hea
100 _aHeather, Ken
245 1 0 _aUnderstanding economics. (2nd ed.)
250 _a2nd ed.
260 _aLondon
_bPrentice Hall
_c1997
300 _axxi, 489p. : ill.
350 _a0.00
650 _aGREAT BRITAIN--ECONOMIC CONDITIONS 20th CENTURY
650 0 _aECONOMICS
650 _aGREAT BRITAIN--ECONOMIC POLICY--1945-
995 _aBINDERY (DAMAGED)
_D0.00
_e731776
_FCBU-MAIN LIBRARY (Kitwe)
_H2
_I21.95
_jHB 171.5 Hea
_M2
_UDAMAGED
_WJun 28, 2006
_y029369
_ZMain Library Open Access Collection
995 _aBINDERY (DAMAGED)
_D0.00
_e731911
_FCBU-MAIN LIBRARY (Kitwe)
_H1
_I21.95
_jHB 171.5 Hea
_M1
_UDAMAGED
_y029150
_ZMain Library Open Access Collection
999 _c78458
_d78458